000 00771cam a22001934a 4500
005 20250605164142.0
008 250528s ||||||||||||||||||||||||d
035 _a19022
040 _aGR-AtMCL
_bgre
_dGR-AtMCL
_eAACR2
245 1 _aThe Hidden Persuaders / What Makes us Buy, Believe, even vote, the way we do?
260 _c1957
300 _a248
520 _aThis book answers hundreds of questions with facts that show how advertising men are using our hidden urges and frustrations to sell everything from gasoline to politicians. The Depth Approach, Persuading us as Consumers, Persuading us as Citizens, In Retrospect, Index.
700 1 _aPackard Vance
_95301
700 1 _aPocket Cardinal
_95302
942 _cBK
999 _c4310
_d4310